000 00477nam a2200145Ia 4500
008 151213s9999 xx 000 0 und d
100 _aদাউদ হায়দার
245 _aনিস্তব্ধতার খেলা।
_cদাউদ হায়দার
260 _aঢাকা
_bছন্দ।
_c1985
300 _a8521 p.
650 _aBengali Literature
650 _aBengali Literature
700 _aদাউদ হায়দার
999 _c4358
_d4358